| 000 | 00695cam a2200205 4500 | ||
|---|---|---|---|
| 005 | 20260317133548.0 | ||
| 008 | 1997 spa | ||
| 020 | _a9683662773 | ||
| 050 | 0 | 4 |
_aF1232.2 _bL66 1997 |
| 100 | 1 | _aLópez Betancourt, Eduardo | |
| 245 | 1 | 3 |
_aEl antifederalismo de Carlos María de Bustamante / _cEduardo López Betancourt. |
| 260 |
_aMéxico : _bUNAM, _c1997 |
||
| 300 |
_a176 p. ; _c23 cm. |
||
| 490 | 0 |
_aSerie C, Estudios Históricos ; _v69 |
|
| 600 | 1 | _aBustamante, Carlos María de, 1774-1848 | |
| 650 | 7 |
_2lemb _aGobierno Federal _xMéxico |
|
| 650 | 7 |
_2lemb _aAntifederalismo |
|
| 651 | 7 |
_2lemb _aMéxico _xPolítica y gobierno _ySiglo XIX |
|
| 942 |
_2lcc _cLIB |
||
| 999 |
_c79416 _d79416 |
||